00562 2200193 4500001002100000005001500021035002000036007000300056008004100059020001800100082001000118084001600128100000800144245007600152260002600228300002900254650006900283990001600352INLIS00000000000743620241009020437 a0010-1024000119ta241009 0 ind  a979-448-588-8 a616.2 a616.2 WHO p0 awho1 apenanganan ispa pada anak di rumah sakit kecil negara berkembang /cwho ajakarta :bEGC,c2002 aviii,71p :bilus ;c28CM 4apenanganan ispa pada anak di rumah sakit kecil negara berkembang a00000000910